000 00664nam a2200241Ia 4500
003 OSt
005 20220918210620.0
006 a|||||r|||| 00| 0
007 ta
008 220917b |||||||| |||| 00| 0 eng d
024 _a121,144
037 _cTextual
040 _aARTS
_cARTS
_beng
041 _2eng
_aeng
082 _aV74:1973.N7, M5
100 _aChomsky Noam
_914318
245 0 _aTurning the tide
_b U S intervention in central america and the struggle for peace
260 _aNA
_bNA
_c1985
300 _a298p.
_ccm.
650 _aHISTORY
942 _hV74:1973.N7, M5
_cTEXL
_2CC
999 _c244373
_d244373